Odd Man Out : [The Supplements] /
I tiakina i:
| Ētahi atu kaituhi: | , , , , , , , , , , , , , , , , , , |
|---|---|
| Hōputu: | |
| Reo: | Ingarihi |
| I whakaputaina: |
Nueva York, EUA : Leeds, Inglaterra :
Criterion Collection ; Yorkshire Television,
1952-2015
|
| Rangatū: | (Criterion Collection ;
754/2) |
| Ngā marau: | |
| Ngā Tūtohu: |
Kāore He Tūtohu, Me noho koe te mea tuatahi ki te tūtohu i tēnei pūkete!
|
MARC
| LEADER | 00000ngm^a2200000^a^4500 | ||
|---|---|---|---|
| 001 | 000370703 | ||
| 005 | 20251020000000.0 | ||
| 009 | 20260310115910.582 | ||
| 020 | |a 978-1-60465-977-1 | ||
| 037 | |a Acervo ITESO - Biblioteca | ||
| 041 | |a ING | ||
| 082 | |a 808. 8 |b CRI V. 754 T. 2 | ||
| 240 | 1 | 1 | |a [Odd Man Out] |
| 245 | 0 | 0 | |a Odd Man Out : |b [The Supplements] / |
| 264 | 1 | |a Nueva York, EUA : |b Criterion Collection ; |a Leeds, Inglaterra : |b Yorkshire Television, |c 1952-2015 | |
| 264 | 2 | |a Nueva York, EUA : |b Criterion Collection [distribución], |c 2015, c2015 | |
| 300 | |a 1 DVD región 1 (16, 24, 21, 53, 29 min.) : |b color + |e 1 folleto ([10] p.) | ||
| 336 | |a imagen móvil bidimensional |b tdi |2 rdacontenido | ||
| 337 | |a video |b v |2 rdamedio | ||
| 338 | |a videodisco |b vd |2 rdasoporte | ||
| 440 | 1 | |a (Criterion Collection ; |v 754/2) | |
| 546 | |a En inglés, sin subtítulos | ||
| 649 | |a XX | ||
| 650 | |a Cineastas Ingleses | ||
| 650 | |a Músicos Ingleses | ||
| 650 | |a Actores Ingleses - |x Memorias | ||
| 650 | |a Música y Medios Audiovisuales - |z Inglaterra - |x Historia y Crítica | ||
| 650 | |a Películas Policíacas - |z Inglaterra - |x Adaptaciones para Radio | ||
| 650 | |a Irlanda del Norte en el Cine - |x Historia y Crítica | ||
| 650 | |a Documentales | ||
| 650 | |a Cortometrajes y Mediometrajes Ingleses | ||
| 650 | |a Cine Inglés - |x Historia y Crítica | ||
| 650 | |a Cine Inglés - |y 1940-1949 | ||
| 650 | |a Cine Inglés - |y Siglo XX | ||
| 650 | |a Huddersfield, Inglaterra - |x Descripción | ||
| 650 | |a Alwyn, William | ||
| 650 | |a Mason, James | ||
| 650 | |a Reed, Carol - |x Tema Principal | ||
| 650 | |a Hill, John | ||
| 650 | |a Smith, Jeffrey Paul | ||
| 740 | 0 | |a Postwar Poetry : |b Carol Reed and Odd Man Out / |c Prod. de A. Kelleher. | |
| 740 | 0 | |a Template for the Troubles : |b John Hill on Odd Man Out / |c J. Hill ; prod. de A. Kelleher, C. Tsui ; prod. ejecutiva de P. Becker... [et al.] ; realización de L. Kline. | |
| 740 | 0 | |a Collaborative Composition : |b Scoring Odd Man Out / |c J.P. Smith ; prod. de C. Tsui ; prod. ejecutiva de P. Becker... [et al.] ; realización de L. Kline. | |
| 740 | 0 | |a Home James : |b James Mason Turns Again to Huddersfield / |c Realización de P. Boyle. | |
| 740 | 0 | |a Suspense : |b Odd Man Out / |c Prod. y dir. de E. Lewis. | |
| 740 | 0 | |a Death and the City / |c Texto del folleto de I.S. Smith. | |
| 700 | |a Hill, John |e (autor) | ||
| 700 | |a Smith, Jeffrey Paul |e (autor) | ||
| 700 | |a Kelleher, Andy |e (producción) | ||
| 700 | |a Tsui, Curtis |e (producción) | ||
| 700 | |a Becker, Peter |e (producción ejecutiva) | ||
| 700 | |a Kline, Lee |e (realización) | ||
| 700 | |a George, Peter |e (fotógrafo) | ||
| 700 | |a Wallace, Struan |e (fotógrafo) | ||
| 700 | |a Gunneson, Erik |e (fotógrafo) | ||
| 700 | |a Galvão, Sara |e (montaje) | ||
| 700 | |a Young, D.W. |e (montaje) | ||
| 700 | |a Boyle, Patrick |e (realización) | ||
| 700 | |a Hammuri, Mostafa |e (fotógrafo) | ||
| 700 | |a Taylor, Peter |e (montaje) | ||
| 700 | |a Lewis, Elliott |e (producción y dirección) | ||
| 700 | |a Mason, James |e (voz) | ||
| 700 | |a Kellino, Pamela |e (voz) | ||
| 700 | |a O'Herlihy, Dan |e (voz) | ||
| 700 | |a Smith, Imogen Sara |e (texto del folleto) | ||
| 910 | |a Fondo General | ||
| 920 | |a Audiovisuales - DVDs | ||
| 940 | |a Películas | ||
| 905 | |a 308 | ||
| 901 | |a 0500264008 |b IT2 |c DVR |i C150371 |u 20250521 | ||
| 901 | |a 0500264009 |b IT2 |c MIN |u 20251020 | ||
| 902 | |a https://opac.biblio.iteso.mx/vufind/Record/000370703 | ||